| 000 | 00912nam a2200277Ia 4500 | ||
|---|---|---|---|
| 001 | 21902 | ||
| 005 | 20260320113323.0 | ||
| 008 | 260320s9999||||xx |||||||||||||| ||und|| | ||
| 020 | _a9789871486991 | ||
| 041 | _aESP | ||
| 082 |
_a658.4033 _bC268 T. 1 |
||
| 100 |
_aCourt Monteverde, Eduardo, _eAUT |
||
| 245 | 0 |
_aTeoría del interés : métodos cuantitativos para finanzas _b |
|
| 246 |
_a _5 _b |
||
| 250 | _aPrimera edición | ||
| 260 |
_aBuenos Aires : _bCengage Learning, _c2013 |
||
| 300 |
_axxv, 526 páginas : _btablas ; _c24 cm. _e |
||
| 440 |
_a _n _v |
||
| 500 | _aNo tiene portada / Datos extraídos de Worldcat | ||
| 650 | _aTCA | ||
| 653 | _aFinanzas | ||
| 654 | _aCAN | ||
| 700 |
_aRengifo, Erick; Zabos Pouler, Enrique Fernando, _cAUT |
||
| 856 |
_uhttps://ebooks7-24-com.ucsp.lookproxy.com/stage.aspx?il=&pg=&ed= _zVéase además: Base de datos Ebook7-24 |
||
| 942 |
_cLIB _dJUS _fMIP _2ddc _n |
||
| 999 |
_c21902 _d21902 |
||